| 000 | 00374nam a2200145Ia 4500 | ||
|---|---|---|---|
| 008 | 210716s2012 xx 000 0 und d | ||
| 020 | _a9788120339699 | ||
| 041 | _aeng | ||
| 082 | _a658.404 RAMK | ||
| 100 | _aRamakrishna, Kamaraju. | ||
| 245 | _aEssentials of project management. | ||
| 250 | _a1 | ||
| 260 |
_aNew Delhi _bPHI Learning Pvt Ltd _c2012 |
||
| 300 | _axvi,312 | ||
| 999 |
_c209847 _d209847 |
||